Catálogo de los códices griegos de la Biblioteca de El Escorial / (Record no. 126684)

MARC details
000 -LEADER
campo de control de longitud fija 00613nam a2200181 4500
001 - NÚMERO DE CONTROL
campo de control 126684
003 - IDENTIFICADOR DE NÚMERO DE CONTROL
campo de control ES-MaACL
005 - FECHA Y HORA DE LA ÚLTIMA TRANSACCIÓN
campo de control 20230906192848.0
007 - CAMPO FIJO DE DESCRIPCIÓN FÍSICA--INFORMACIÓN GENERAL
campo de control de longitud fija t|
008 - DATOS DE LONGITUD FIJA--INFORMACIÓN GENERAL
campo de control de longitud fija 070214s1936 sp r ||||1| spa d
100 1# - ENTRADA PRINCIPAL--NOMBRE DE PERSONA
Nombre de persona Revilla, A.
9 (RLIN) 96424
245 10 - MENCIÓN DEL TÍTULO
Título Catálogo de los códices griegos de la Biblioteca de El Escorial /
Mención de responsabilidad, etc. A. Revilla.
260 ## - PUBLICACIÓN, DISTRIBUCIÓN, ETC.
Lugar de publicación, distribución, etc. Madrid :
Nombre del editor, distribuidor, etc. [s.n.],
Fecha de publicación, distribución, etc. 1936 (
Fabricante Imp. Helénica)
300 ## - DESCRIPCIÓN FÍSICA
Extensión CXXXIV, 560 p. ;
Dimensiones 25 cm.
500 ## - NOTA GENERAL
Nota general Es el vol. I. Precede al Tit : Patronato de la Biblioteca Nacional.
710 00 - ENTRADA AGREGADA--NOMBRE DE ENTIDAD CORPORATIVA
Nombre de entidad corporativa o nombre de jurisdicción como elemento de entrada Biblioteca Nacional (España).
Unidad subordinada Patronato.
9 (RLIN) 2194
852 ## - LOCALIZACIÓN
Ubicación ES-MaACL
Número de control de estantería B-13904
Holdings
Estatus retirado Estado de pérdida Estado de daño No para préstamo Biblioteca de origen Biblioteca actual Ubicación en estantería Fecha de adquisición Fuente de adquisición Total de préstamos Signatura topográfica completa Código de barras Visto por última vez Precio de reemplazo Tipo de ítem Koha
        Biblioteca del Ateneo de Madrid Biblioteca del Ateneo de Madrid Sala Pardo Bazán 17/01/2008     B-13904 1131954 23/02/2023 23/02/2023 Libro impreso